Didáctica de la Música (Registro nro. 30571)

Detalles MARC
000 -CABECERA
Longitud fija campo de control 00918nam a2200217 a 4500
003 - • IDENTIFICADOR DELl NÚMERO DE CONTROL
Identificador del número de control CO-ViMGA
008 - • CÓDIGOS DE INFORMACIÓN DE LONGITUD FIJA
Códigos de información de longitud fija 141112s2004 ck r 000 u spa d
020 ## - • NÚMERO INTERNACIONAL NORMALIZADO PARA LIBROS
Número Internacional Normalizado para Libros (ISBN) 8483223309
040 ## - FUENTE DE LA CATALOGACIÓN
Centro catalogador de origen CO-ViMGA
Lengua de catalogación spa
Centro transcriptor CO-ViMGA
082 04 - • NÚMERO DE LA CLASIFICACIÓN DECIMAL DEWEY
Número de clasificación (R) 372.878 P172d
100 1# - • PUNTO DE ACCESO PRINCIPAL-NOMBRE DE PERSONA
Nombre de persona Pascual Mejía, Pilar
245 10 - • TITULO PROPIAMENTE DICHO
Título Didáctica de la Música
300 ## - • DESCRIPCIÓN FÍSICA
Extensión 311p
490 ## - • MENCIÓN DE SERIE
Mención de serie Didáctica Preescolar
505 ## - • NOTA DE CONTENIDO CON FORMATO
Nota de contenido con formato El universo de la música 1 - - Fundamentación Psicopedagógica 47 - - Metodología de la enseñanza de la música en la educación infantil 105 - - Análisis de los contenidos específicos de la educación musical en educación infantil 159
590 ## - NOTAS LOCALES
Nota local Forma de adquisición : Compra - - Precio : 62.000 - - Proveedor : Bernalibros - - Fecha de adquisición : Octubre 2007
650 14 - • PUNTO DE ACCESO ADICIONAL DE MATERIA - TÉRMINO DE MATERIA
Término de materia o nombre geográfico como elemento inicial MÚSICA - ENSEÑANZA ELEMENTAL
942 ## - ENTRADA DE ELEMENTOS AGREGADOS (KOHA)
Fuente de clasificaión o esquema Dewey Decimal Classification
Koha [por defecto] tipo de item LIbro
Existencias
Perdido Fuente de clasificación o esquema Estado Físico No para préstamo Forma de adquisición Localización permanente Localización actual Fecha adquisición Serie de enumeración / cronolog&íacute;a Préstamos totales Signatura completa Código de barras Fecha última consulta Fecha último préstamo Número de copia Fecha del precio de reemplazo Tipo de item de Koha
  Dewey Decimal Classification     Sala General Segundo Piso Biblioteca Pública Germán Arciniegas - Villavicencio Biblioteca Pública Germán Arciniegas - Villavicencio 12/04/2015 Volumen. 1 | 11/jun/2009 1 372.878 P172d 22135 10/10/2016 10/05/2016 Ej. 1 12/04/2015 LIbro









Instituto Departamental de Cultura del Meta - Red Departamental de Bibliotecas Públicas del Meta.